LEADER 00879cam2 22002653 450 001 SOBE00073492 005 20221013134952.0 100 $a20221013d1970 |||||ita|0103 ba 101 $alat$ager 102 $aDE 200 0 $a2$fHermann Conring 205 $aNeudruck der Ausgabe Braunschweig 1730 210 $aAalen$cScientia Verlag$d1970 215 $a(14), 1106 p. p.$d34 cm. 461 1$1001SON0003503$12001 $aOpera / Hermann Conring ; herausgegeben und mit Anmerkungen von Johann Wilhelm Gobel 700 0$aConring$3AF00008353$4070$0780485 801 0$aIT$bUNISOB$c20221013$gRICA 850 $aUNISOB 852 $aUNISOB$j340$m84715 912 $aSOBE00073492 940 $aM 102 Monografia moderna SBN 941 $aW 957 $a340$b000739$i-2$gSI$d84715$1rovito$2UNISOB$3UNISOB$420221013134929.0$520221013134952.0$6rovito 996 $a2$92920037 997 $aUNISOB